| 000 | 01026nam a2200229Ia 4500 | ||
|---|---|---|---|
| 003 | Ost | ||
| 005 | 20260507075532.0 | ||
| 008 | 260507s9999||||xx |||||||||||||| ||und|| | ||
| 020 | _a9773581519 | ||
| 040 | _cfsecg | ||
| 041 | _aara | ||
| 082 | _a658 | ||
| 100 |
_aسلاطنية، بلقاسم _eمؤلف |
||
| 245 | 0 |
_aالتنظيم الحديث للمؤسسة : _bالتطور والمفهوم / _c بلقاسم سلاطنية |
|
| 260 |
_aالقاهرة: _bدار الفجر للنشر و التوزيع, _c2008 |
||
| 300 |
_a183 صفحة؛ _bإيضاحات ؛ _c24 سم |
||
| 520 | _aيضم المفاهيم الأساسية والتصور المفهومي للمؤسسة، التصور المفهومي للتنظيم، النظريات الكلاسيكية في التنظيم، النظرية الحديثة في التنظيم | ||
| 653 | _aالتنظيم | ||
| 653 | _aالمؤسسات العامة- تنظيم وإدارة | ||
| 700 |
_aقيره، اسماعيل _eمؤلف ثانوي |
||
| 942 | _cكتاب | ||
| 999 |
_c44824 _d44824 |
||